Culture Générale - Série 2257 - Statistiques

Statistiques générales
  • Ce quiz a été pris 165 fois
  • Le résultat moyen est 6 sur 10
Statistiques - réponses
Question Réponse % Correct
Se régaler, se délecter ou "se pourlécher les .... babines
96%
Quelle institution française est appelée "La chambre haute" ? Sénat
82%
Complétez le titre de la pièce de théâtre de Shakespeare : "Le roi ... Lear
79%
De quel pays est originaire le chou-fleur appelé chou romanesco ? voir photo Italie
73%
Porter ostensiblement (par exemple pour un insigne) 7 lettrres commençant par " a " arborer
60%
Quel arbre est plus connu sous le nom d'arbre à caoutchouc ? hévéa
55%
Quel était le prénom de la fille de Victor Hugo qui est morte noyée à l'âge de 19 ans ? Léopoldine
47%
Envahir l'esprit de (qqn), obséder : 9 lettres commençant par " o " obnubiler
46%
Comment appelle-t-on également l'aigle d'Australie ? uraète
10%
Quel minéral est appelé "or de chat" ou "argent de chat" ? mica
6%
Aucun quiz correspondant
Distribution des résultats
% des personnes avec chaque résultat
Percentile par nombre de réponses
Votre historique - résultats
Vous n’avez pas pris ce quiz